[Event "European Rapid 2011"]
[Site "Warsaw POL"]
[Date "2011.12.18"]
[Round "11"]
[White "Rawicz, Karol"]
[Black "Kovalev, Vladislav"]
[Result "0-1"]
[WhiteTitle "FM"]
[BlackTitle "FM"]
[WhiteElo "2269"]
[BlackElo "2446"]
[WhiteFideId "1141791"]
[BlackFideId "13504398"]
[EventDate "2011.12.17"]

1. d4 Nf6 2. c4 g6 3. Nc3 Bg7 4. e4 d6 5. Nf3 O-O 6. Be2 e5 7. d5 a5 8. h3 Na6
9. Bg5 Nc5 10. Nd2 Bd7 11. g4 c6 12. h4 cxd5 13. cxd5 b5 14. f3 b4 15. Ncb1 Qb8
16. Nc4 Rc8 17. Nbd2 Ne8 18. Be3 Qc7 19. Rc1 Na4 20. Nb3 Qd8 21. Qd2 Bb5 22. h5
Nc3 23. bxc3 Bxc4 24. cxb4 Bxe2 25. Kxe2 axb4 26. hxg6 hxg6 27. Rxc8 Qxc8 28.
Nc1 Ra3 29. Kf2 Qc4 30. Re1 Bf6 31. Kg2 Rc3 32. Qe2 Rc2 0-1

[Event "European Rapid 2011"]
[Site "Warsaw POL"]
[Date "2011.12.18"]
[Round "11"]
[White "Przezdziecka, Marta"]
[Black "Sieciechowicz, Marcin"]
[Result "0-1"]
[WhiteTitle "WGM"]
[BlackTitle "IM"]
[WhiteElo "2249"]
[BlackElo "2441"]
[WhiteFideId "1123009"]
[BlackFideId "1130170"]
[EventDate "2011.12.17"]

1. Nf3 Nf6 2. g3 g6 3. Bg2 Bg7 4. O-O O-O 5. d3 d5 6. Nbd2 c5 7. e4 d4 8. Ne1 e5
9. a4 Nc6 10. Nc4 Qc7 11. h3 Ne8 12. f4 f5 13. exf5 Bxf5 14. Nf3 e4 15. dxe4
Bxe4 16. Ng5 Bxg2 17. Kxg2 Qd7 18. Kh2 Nf6 19. Re1 Rae8 20. Bd2 Qd5 21. b3 Rxe1
22. Bxe1 Re8 23. Bd2 d3 24. Ne3 Qd7 25. c3 Nd5 26. Nxd5 Re2+ 27. Kg1 Qxd5 0-1

[Event "European Rapid 2011"]
[Site "Warsaw POL"]
[Date "2011.12.18"]
[Round "12"]
[White "Korobov, Anton"]
[Black "Erdos, Viktor"]
[Result "1/2-1/2"]
[WhiteTitle "GM"]
[BlackTitle "GM"]
[WhiteElo "2660"]
[BlackElo "2623"]
[WhiteFideId "14105730"]
[BlackFideId "719978"]
[EventDate "2011.12.17"]

1. d4 d5 2. c4 c6 3. Nc3 Nf6 4. Nf3 e6 5. Bg5 h6 6. Bxf6 Qxf6 7. e3 g6 8. Ne5
Bg7 9. f4 O-O 10. Bd3 c5 11. O-O cxd4 12. exd4 dxc4 13. Bxc4 Nc6 14. Bb5 Nxe5
15. dxe5 Qe7 16. Qf3 a6 17. Bd3 Qb4 18. Rab1 Rd8 19. Kh1 Bd7 20. Be4 Rab8 21. a3
Qb3 22. h4 b5 23. h5 gxh5 24. Qxh5 b4 25. axb4 Qxb4 26. Rf3 Qf8 27. Rg3 Kh8 28.
Rd1 Be8 29. Rxd8 Rxd8 30. Qe2 f5 31. Bd3 Qb4 32. Qf2 Qd4 33. Qxd4 Rxd4 34. Ne2
Rb4 35. Bxa6 Bc6 36. b3 Bd5 37. Bc4 Bxc4 38. bxc4 Rxc4 39. Rd3 Re4 40. Rd2 h5
41. Kg1 Bh6 42. g3 h4 43. Kg2 Kg7 44. Kf3 hxg3 45. Kxg3 Kf8 1/2-1/2

[Event "European Rapid 2011"]
[Site "Warsaw POL"]
[Date "2011.12.18"]
[Round "12"]
[White "Volokitin, Andrei"]
[Black "Andriasian, Zaven"]
[Result "1-0"]
[WhiteTitle "GM"]
[BlackTitle "GM"]
[WhiteElo "2695"]
[BlackElo "2619"]
[WhiteFideId "14107090"]
[BlackFideId "13302000"]
[EventDate "2011.12.17"]

1. e4 c5 2. Nf3 d6 3. d4 cxd4 4. Nxd4 Nf6 5. Nc3 a6 6. Be3 e5 7. Nf3 Qc7 8. a4
Be7 9. Be2 O-O 10. O-O b6 11. Nd2 Bb7 12. Nc4 Nbd7 13. f3 Bc6 14. Bf2 Rab8 15.
Ne3 b5 16. axb5 axb5 17. Nf5 Nc5 18. b4 Na4 19. Nxa4 bxa4 20. Qd2 Rfc8 21. Nxe7+
Qxe7 22. c4 Ra8 23. b5 Bd7 24. Rfd1 Be6 25. Qxd6 Qxd6 26. Rxd6 Bxc4 27. Bxc4
Rxc4 28. Ra6 Rac8 29. R6xa4 Rxa4 30. Rxa4 Rc1+ 31. Be1 g5 32. Kf2 Nd7 33. Bd2
Rc2 34. Ke2 Nb6 35. Ra6 Nc4 36. Kd3 Rxd2+ 37. Kxc4 Rxg2 38. b6 Rb2 39. Kc5 Kg7
40. Ra5 Rc2+ 41. Kd6 Rxh2 42. Rb5 Rd2+ 43. Ke7 Ra2 44. b7 Ra7 45. Kd6 Rxb7 46.
Rxb7 Kf6 47. Rb6 1-0

[Event "European Rapid 2011"]
[Site "Warsaw POL"]
[Date "2011.12.18"]
[Round "12"]
[White "Romanov, Evgeny"]
[Black "Azarov, Sergei"]
[Result "0-1"]
[WhiteTitle "GM"]
[BlackTitle "GM"]
[WhiteElo "2627"]
[BlackElo "2667"]
[WhiteFideId "4148843"]
[BlackFideId "13501470"]
[EventDate "2011.12.17"]

1. c4 e6 2. g3 d5 3. Bg2 Nf6 4. Nf3 Be7 5. O-O O-O 6. Qc2 c5 7. d4 cxd4 8. Nxd4
Nc6 9. Nxc6 bxc6 10. Rd1 Ba6 11. b3 Qb6 12. Be3 Qb7 13. Bd4 dxc4 14. Nd2 c3 15.
Qxc3 Bxe2 16. Bxc6 Qa6 17. Bxa8 Bxd1 18. Bg2 Rc8 19. Qe3 Bc2 20. Nc4 Bg6 21.
Bxa7 Nd5 22. Bxd5 exd5 23. Nb6 Bc5 24. Rc1 Bxb6 25. Rxc8+ Qxc8 26. Bxb6 h6 27.
Bc5 Qf5 28. Kg2 Qc2 29. a4 Be4+ 30. Kh3 Qd1 31. f3 Bxf3 32. Qe8+ Kh7 33. Qxf7
Bg4+ 34. Kg2 Qxb3 35. h3 Qc2+ 36. Bf2 Bf5 37. g4 Be4+ 38. Kg3 Qxa4 39. Qa7 Qd1
40. Bd4 Qe1+ 41. Kf4 Qf1+ 42. Bf2 Qxh3 43. Qe3 g5+ 44. Ke5 Qxg4 45. Qa7+ Kg6 46.
Bd4 Qf4+ 47. Ke6 Qf5+ 48. Kd6 Qf8+ 49. Kc6 h5 50. Qa1 h4 51. Qg1 Qc8+ 52. Kd6
Qf5 53. Be5 Qf8+ 54. Kd7 Bf5+ 55. Kc6 Qe8+ 56. Kxd5 Qe6+ 0-1

[Event "European Rapid 2011"]
[Site "Warsaw POL"]
[Date "2011.12.18"]
[Round "12"]
[White "Jaracz, Pawel"]
[Black "Bartel, Mateusz"]
[Result "0-1"]
[WhiteTitle "GM"]
[BlackTitle "GM"]
[WhiteElo "2542"]
[BlackElo "2653"]
[WhiteFideId "1102222"]
[BlackFideId "1112635"]
[EventDate "2011.12.17"]

1. e4 e5 2. Bc4 Nf6 3. d3 Nc6 4. Nc3 Bb4 5. Ne2 Na5 6. O-O Nxc4 7. dxc4 h6 8.
Qd3 d6 9. b3 O-O 10. Bb2 a6 11. h3 Bc5 12. Kh1 Bd7 13. a4 Nh5 14. f4 Nxf4 15.
Nxf4 exf4 16. Rxf4 c6 17. Raf1 Qg5 18. R4f3 f6 19. Ne2 Rae8 20. Rg3 Qh4 21. Nf4
Rf7 22. Rg6 f5 23. g3 fxe4 24. Qc3 Qe7 25. Rxh6 Qe5 26. Rh5 Qxh5 27. Nxh5 Rxf1+
28. Kg2 Rf2+ 29. Kh1 Rf1+ 30. Kg2 Rf2+ 31. Kh1 Re5 32. Qa5 b6 0-1

[Event "European Rapid 2011"]
[Site "Warsaw POL"]
[Date "2011.12.18"]
[Round "12"]
[White "Olszewski, Michal"]
[Black "Howell, David W L"]
[Result "1-0"]
[WhiteTitle "GM"]
[BlackTitle "GM"]
[WhiteElo "2539"]
[BlackElo "2633"]
[WhiteFideId "1121251"]
[BlackFideId "410608"]
[EventDate "2011.12.17"]

1. e4 e5 2. Nf3 Nc6 3. Bb5 Nf6 4. Qe2 Bc5 5. O-O Nd4 6. Nxd4 Bxd4 7. c3 Bb6 8.
d3 h6 9. Kh1 c6 10. Ba4 Qe7 11. f4 exf4 12. Bxf4 d5 13. e5 d4 14. Qf3 Nd7 15.
Nd2 O-O 16. Qg3 Kh8 17. Ne4 Rg8 18. b4 Nf8 19. c4 Ng6 20. Nd6 Be6 21. c5 Bc7 22.
Bb3 Raf8 23. Rae1 Bxb3 24. axb3 Qe6 25. Bc1 Qxb3 26. e6 Bxd6 27. cxd6 Qd5 28.
exf7 Rxf7 29. Qxg6 Rd7 30. Bf4 Rf7 31. Qe4 Rgf8 32. Qxd5 cxd5 33. Kg1 1-0

[Event "European Rapid 2011"]
[Site "Warsaw POL"]
[Date "2011.12.18"]
[Round "12"]
[White "Kryvoruchko, Yuriy"]
[Black "Simonian, Hrair"]
[Result "1/2-1/2"]
[WhiteTitle "GM"]
[BlackTitle "GM"]
[WhiteElo "2666"]
[BlackElo "2468"]
[WhiteFideId "14109182"]
[BlackFideId "13302337"]
[EventDate "2011.12.17"]

1. e4 c5 2. Nf3 e6 3. d4 cxd4 4. Nxd4 a6 5. Nc3 b5 6. Bd3 Qb6 7. Nf3 Nc6 8. O-O
Qc7 9. Re1 d6 10. Bf4 Ne5 11. Bg3 Nf6 12. a4 b4 13. Na2 Rb8 14. c3 Nxd3 15. Qxd3
b3 16. Nb4 a5 17. Na6 Bxa6 18. Qxa6 e5 19. Nd4 Qb6 20. Qc4 Be7 21. Nf5 g6 22.
Nh6 Rf8 23. Rad1 Qb7 24. f4 Rc8 25. Qd3 Nd7 26. Qe2 f6 27. Rd5 Nc5 28. Red1 Qc6
29. Bf2 Ne6 30. g3 exf4 31. Qg4 Qd7 32. gxf4 Nc5 33. Qxd7+ Nxd7 34. Rxa5 Nc5 35.
Bxc5 dxc5 36. c4 f5 37. exf5 gxf5 38. Rd5 Rd8 39. Rxd8+ Bxd8 40. Ra7 Rf6 41.
Rxh7 Rg6+ 42. Kf2 Bf6 43. Nxf5 Bxb2 44. Rb7 Rf6 45. Rxb3 Rxf5 46. Rxb2 Rxf4+ 47.
Ke3 Rxc4 48. Ra2 Kd7 49. a5 Kc7 50. a6 Kb8 51. Kf3 Ka7 52. Kg3 Rd4 53. h4 c4 54.
h5 c3 55. Ra1 c2 56. Rc1 Rc4 57. h6 Rc6 58. h7 Rh6 1/2-1/2

[Event "European Rapid 2011"]
[Site "Warsaw POL"]
[Date "2011.12.18"]
[Round "12"]
[White "Socko, Bartosz"]
[Black "Akesson, Ralf"]
[Result "0-1"]
[WhiteTitle "GM"]
[BlackTitle "GM"]
[WhiteElo "2635"]
[BlackElo "2421"]
[WhiteFideId "1107038"]
[BlackFideId "1700120"]
[EventDate "2011.12.17"]

1. e4 c6 2. d4 d5 3. e5 Bf5 4. Nf3 e6 5. Be2 Nd7 6. O-O Bg6 7. c3 Ne7 8. Na3 Nf5
9. Nc2 Be7 10. g4 Nh4 11. Nxh4 Bxh4 12. f4 f5 13. Bd3 fxg4 14. Bxg6+ hxg6 15.
Qxg4 Nf8 16. b3 Be7 17. a4 Qb6 18. Rb1 O-O-O 19. Ba3 Bxa3 20. Nxa3 Qc7 21. Nc2
Qf7 22. Ne3 Rh6 23. b4 Nd7 24. b5 Rdh8 25. bxc6 bxc6 26. Rb2 Rh3 27. Qe2 R8h4
28. Ng2 Rh5 29. Qa6+ Kd8 30. Rb7 Rxh2 31. Qxc6 Qe7 32. Rxa7 Ke8 33. Qc7 R5h3 34.
Ra8+ Kf7 35. Rd8 Rh1+ 36. Kf2 Rxf1+ 37. Kxf1 Nxe5 38. Qc8 Qa3 39. Qc7+ Qe7 40.
Rc8 Nc4 41. Qb8 Rxc3 42. Kg1 Rc1+ 43. Kh2 Qa3 44. Rc7+ Kf6 45. Qd8+ Kf5 46. Qg5+
Ke4 47. f5 Qd6+ 48. Nf4 Qxf4+ 49. Qxf4+ Kxf4 50. fxe6 Re1 51. e7 g5 52. Ra7 Re2+
53. Kg1 Kg3 54. Kf1 Re4 0-1

[Event "European Rapid 2011"]
[Site "Warsaw POL"]
[Date "2011.12.18"]
[Round "12"]
[White "Markowski, Tomasz"]
[Black "Berzinsh, Roland"]
[Result "1/2-1/2"]
[WhiteTitle "GM"]
[BlackTitle "IM"]
[WhiteElo "2606"]
[BlackElo "2417"]
[WhiteFideId "1105680"]
[BlackFideId "11600357"]
[EventDate "2011.12.17"]

1. d4 Nf6 2. c4 e6 3. g3 Bb4+ 4. Bd2 c5 5. Bxb4 cxb4 6. Bg2 O-O 7. Nf3 d6 8. O-O
Nc6 9. a3 Qb6 10. e3 Re8 11. axb4 Qxb4 12. b3 e5 13. d5 Nb8 14. Qc2 Bg4 15. Nfd2
Na6 16. Nc3 Bf5 17. e4 Bd7 18. h3 Qb6 19. Ne2 Nb4 20. Qc3 a5 21. Kh2 Rac8 22. f4
exf4 23. Nxf4 Re7 24. Rae1 Rce8 25. Nd3 Nxd3 26. Qxd3 Bc8 27. Ra1 Qd8 28. Qc3 b6
29. b4 axb4 30. Qxb4 Rb7 31. Ra8 Qe7 32. Qb5 Nd7 33. Qc6 Nb8 34. Qa4 Nd7 35. Qc6
Nb8 36. Qa4 Nd7 37. Qc6 Nb8 38. Qa4 Nd7 39. Qc6 1/2-1/2

[Event "European Rapid 2011"]
[Site "Warsaw POL"]
[Date "2011.12.18"]
[Round "12"]
[White "Fedorov, Alexei"]
[Black "Poetsch, Hagen"]
[Result "1/2-1/2"]
[WhiteTitle "GM"]
[BlackTitle "IM"]
[WhiteElo "2579"]
[BlackElo "2408"]
[WhiteFideId "13500465"]
[BlackFideId "24615137"]
[EventDate "2011.12.17"]

1. e4 c5 2. d3 b6 3. g3 Bb7 4. Bg2 Nf6 5. f4 d5 6. e5 Nfd7 7. c4 e6 8. Nc3 Nc6
9. cxd5 Nb4 10. Nge2 Nxd5 11. Nxd5 Bxd5 12. Bxd5 exd5 13. Nc3 d4 14. Ne4 Be7 15.
O-O O-O 16. Qb3 Qc8 17. e6 fxe6 18. Qxe6+ Rf7 19. f5 Nf6 20. Qxc8+ Rxc8 21. Ng5
Rff8 22. Ne6 Rf7 23. Bd2 Ng4 24. Rae1 Bf6 25. b3 Ne5 26. Nf4 b5 27. Kg2 c4 28.
dxc4 bxc4 29. bxc4 Rxc4 30. Rc1 Rb7 31. Rxc4 Nxc4 32. Bc1 Ne3+ 33. Bxe3 dxe3 34.
Kf3 Rb2 35. Kxe3 Rxa2 36. Rc1 Bg5 37. Kf3 Bxf4 38. Kxf4 Rxh2 39. Rc8+ Kf7 40.
Rc7+ Kf6 41. Rc6+ Kf7 42. Rc7+ 1/2-1/2

[Event "European Rapid 2011"]
[Site "Warsaw POL"]
[Date "2011.12.18"]
[Round "12"]
[White "Zhigalko, Andrey"]
[Black "Ladva, Ottomar"]
[Result "1-0"]
[WhiteTitle "GM"]
[WhiteElo "2572"]
[BlackElo "2106"]
[WhiteFideId "13502247"]
[BlackFideId "4500024"]
[EventDate "2011.12.17"]

1. e4 c5 2. Nf3 e6 3. d4 cxd4 4. Nxd4 Nf6 5. Nc3 Nc6 6. Ndb5 d6 7. Bf4 e5 8. Bg5
a6 9. Na3 b5 10. Bxf6 gxf6 11. Nd5 f5 12. c3 Bg7 13. exf5 Bxf5 14. Nc2 O-O 15.
Nce3 Be6 16. Bd3 f5 17. O-O Ra7 18. a4 bxa4 19. Rxa4 a5 20. Qh5 e4 21. Bc2 Qe8
22. Qxe8 Rxe8 23. f3 Bxd5 24. Nxd5 Rb7 25. b3 Ne7 26. fxe4 Nxd5 27. exd5 Bxc3
28. Rxf5 Re2 29. Rg5+ Rg7 30. Rxg7+ Kxg7 31. Rg4+ Kh8 32. Bf5 Rb2 33. Rh4 Rxb3
34. Rxh7+ Kg8 35. Rh4 Kg7 36. Re4 Bb4 37. Bd7 Bc5+ 38. Kf1 Rb2 39. Rf4 Rd2 40.
Bc6 Bd4 41. Ke1 Bc3 42. Rc4 Rc2+ 43. Kd1 Rxg2 44. Rxc3 Rxh2 45. Re3 Rh8 46. Re7+ 1-0

[Event "European Rapid 2011"]
[Site "Warsaw POL"]
[Date "2011.12.18"]
[Round "12"]
[White "Kanarek, Marcel"]
[Black "Moranda, Wojciech"]
[Result "1/2-1/2"]
[WhiteTitle "IM"]
[BlackTitle "GM"]
[WhiteElo "2467"]
[BlackElo "2568"]
[WhiteFideId "1126822"]
[BlackFideId "1122401"]
[EventDate "2011.12.17"]

1. e4 c5 2. d4 d6 3. Nf3 cxd4 4. Nxd4 Nf6 5. Nc3 a6 6. Bg5 e6 7. f4 h6 8. Bh4
Qb6 9. Qd2 Qxb2 10. Rb1 Qa3 11. f5 Be7 12. fxe6 fxe6 13. Bc4 Nxe4 14. Nxe4 Bxh4+
15. g3 Bg5 16. Nxg5 hxg5 17. Nxe6 Bxe6 18. Bxe6 Qxg3+ 19. hxg3 Rxh1+ 20. Ke2
Rh2+ 21. Ke3 Rxd2 22. Kxd2 Ra7 23. Bd5 Nc6 24. Rxb7 Rxb7 25. Bxc6+ Rd7 26. Ke3
Ke7 27. Bxd7 Kxd7 28. Ke4 Kc6 29. Kf5 Kc5 30. Kxg5 Kb4 31. Kg6 Ka3 32. Kxg7 Kxa2
33. g4 a5 34. g5 a4 35. g6 a3 36. Kf7 Kb1 37. g7 a2 38. g8=Q a1=Q 39. Qg1+ Kb2
40. Qd4+ Kb1 41. Qd1+ Kb2 42. Qxa1+ Kxa1 43. Ke6 Kb2 44. c4 Kc3 45. Kxd6 Kxc4 1/2-1/2

[Event "European Rapid 2011"]
[Site "Warsaw POL"]
[Date "2011.12.18"]
[Round "12"]
[White "Szymanski, Marcin"]
[Black "Zhigalko, Sergei"]
[Result "0-1"]
[WhiteTitle "IM"]
[BlackTitle "GM"]
[WhiteElo "2416"]
[BlackElo "2651"]
[WhiteFideId "1110535"]
[BlackFideId "13502956"]
[EventDate "2011.12.17"]

1. d4 Nf6 2. c4 e6 3. Nc3 Bb4 4. Qc2 O-O 5. e4 d5 6. e5 Ne4 7. Bd3 c5 8. Ne2
cxd4 9. Nxd4 Nd7 10. Bf4 Ndc5 11. O-O Bxc3 12. bxc3 Bd7 13. cxd5 Ba4 14. Nb3
Qxd5 15. Bxe4 Qxe4 16. Qxe4 Nxe4 17. Rac1 Rac8 18. c4 Rfd8 19. f3 Nc5 20. Nxc5
Rxc5 21. Be3 Ra5 22. Rf2 h6 23. Rb2 Bc6 24. Kf2 Rd3 25. Rcc2 a6 26. c5 Rd5 27.
f4 Rd3 28. Rd2 Rda3 29. Re2 Bd5 30. Red2 R5a4 31. c6 Bxc6 32. Bc5 Rxf4+ 0-1

[Event "European Rapid 2011"]
[Site "Warsaw POL"]
[Date "2011.12.18"]
[Round "12"]
[White "Belov, Vladimir"]
[Black "Nedilko, Vasily"]
[Result "1-0"]
[WhiteTitle "GM"]
[BlackTitle "IM"]
[WhiteElo "2641"]
[BlackElo "2392"]
[WhiteFideId "4132394"]
[BlackFideId "14101459"]
[EventDate "2011.12.17"]

1. e4 c5 2. Nf3 d6 3. d4 cxd4 4. Nxd4 Nf6 5. Nc3 a6 6. Bg5 e6 7. f4 h6 8. Bh4
Be7 9. Qf3 Qc7 10. O-O-O Nbd7 11. Be2 O-O 12. g4 b5 13. g5 hxg5 14. Bxg5 b4 15.
Nd5 exd5 16. exd5 Re8 17. Rhg1 Nf8 18. Bd3 N6h7 19. h4 Bxg5 20. hxg5 Qe7 21. Rg3
g6 22. Nc6 Qb7 23. Rh1 Bd7 24. f5 Bxc6 25. dxc6 Qe7 26. Bc4 Qe5 27. fxg6 1-0

[Event "European Rapid 2011"]
[Site "Warsaw POL"]
[Date "2011.12.18"]
[Round "12"]
[White "Brendel, Oliver"]
[Black "Dziuba, Marcin"]
[Result "0-1"]
[WhiteTitle "IM"]
[BlackTitle "GM"]
[WhiteElo "2362"]
[BlackElo "2589"]
[WhiteFideId "4602048"]
[BlackFideId "1112953"]
[EventDate "2011.12.17"]

1. e4 c6 2. d4 d5 3. Nc3 dxe4 4. Nxe4 Bf5 5. Ng3 Bg6 6. h4 h6 7. Nh3 Nf6 8. Nf4
Bh7 9. Bc4 e6 10. O-O Bd6 11. Nxe6 fxe6 12. Bxe6 Na6 13. Re1 Kf8 14. c3 Nc7 15.
Bb3 Qd7 16. Qf3 Bg6 17. Bf4 Bxf4 18. Qxf4 Nd5 19. Bxd5 cxd5 20. Re5 Kg8 21. Rae1
Re8 22. h5 Nxh5 23. Nxh5 Bxh5 24. Qh4 Rxe5 25. Rxe5 Bg6 26. Re7 Qd8 27. g3 Kf8
28. Rxb7 Qxh4 29. gxh4 a5 30. Ra7 a4 31. Rxa4 Ke7 32. Ra6 Be4 33. a4 g5 34. hxg5
hxg5 35. Kf1 Bd3+ 0-1

[Event "European Rapid 2011"]
[Site "Warsaw POL"]
[Date "2011.12.18"]
[Round "12"]
[White "Sudakova, Irina"]
[Black "Swiercz, Dariusz"]
[Result "0-1"]
[WhiteTitle "WGM"]
[BlackTitle "GM"]
[WhiteElo "2350"]
[BlackElo "2584"]
[WhiteFideId "4129903"]
[BlackFideId "1126881"]
[EventDate "2011.12.17"]

1. e4 e6 2. d4 d5 3. Bd3 dxe4 4. Bxe4 Be7 5. Ne2 Nf6 6. Bf3 O-O 7. O-O Nbd7 8.
c4 e5 9. Nbc3 exd4 10. Nxd4 Ne5 11. Be2 c6 12. Bf4 Ng6 13. Bg3 Re8 14. Qd2 Bb4
15. Bf3 Bg4 16. Bxg4 Nxg4 17. Rad1 N4e5 18. Qc2 Qa5 19. Nb3 Qa6 20. c5 Bxc3 21.
Qxc3 f6 22. h4 Qc4 23. Qxc4+ Nxc4 24. Rd7 Re7 25. Rfd1 Rae8 26. h5 Nf8 27. Rxe7
Rxe7 28. Rd8 Rd7 29. Rb8 Kf7 30. Kh2 Ne6 31. Bd6 Nxb2 32. Na5 Nd8 33. Bf4 Na4
34. Be3 Nc3 35. Nc4 Nxa2 36. Nd6+ Ke6 37. Bd2 Kd5 38. Ba5 Kxc5 39. Nf5 b6 40.
Be1 g6 41. hxg6 hxg6 42. Ng3 f5 43. f3 Kc4 44. Ne2 b5 45. Nf4 b4 46. Nxg6 Nf7
47. Nf4 b3 48. Rc8 Ne5 49. Rb8 c5 50. Bg3 Nd3 0-1

[Event "European Rapid 2011"]
[Site "Warsaw POL"]
[Date "2011.12.18"]
[Round "12"]
[White "Lintchevski, Daniil"]
[Black "Sadzikowski, Daniel"]
[Result "1/2-1/2"]
[WhiteTitle "GM"]
[BlackTitle "FM"]
[WhiteElo "2575"]
[BlackElo "2380"]
[WhiteFideId "4171055"]
[BlackFideId "1132253"]
[EventDate "2011.12.17"]

1. e4 e5 2. Nf3 Nc6 3. Nc3 Nf6 4. d4 exd4 5. Nxd4 Bb4 6. Nxc6 bxc6 7. Bd3 d5 8.
exd5 cxd5 9. O-O O-O 10. Bg5 c6 11. Qf3 h6 12. Bxf6 Qxf6 13. Qxf6 gxf6 14. Ne2
Bd6 15. Ng3 Rb8 16. Rab1 Be6 17. c3 Bxg3 18. fxg3 Kg7 19. b3 c5 20. Bc2 Rfd8 21.
Rf4 d4 22. cxd4 Rxd4 23. Rxd4 cxd4 24. Rd1 Rd8 25. Kf2 f5 26. Bd3 Kf6 27. Rc1
Rc8 28. Rxc8 Bxc8 29. b4 Bd7 30. Ke1 Ke5 31. Kd2 Bc6 32. Bf1 Kd5 33. Be2 Ba4 34.
a3 Ke5 35. Bh5 f6 36. Bf3 Bb5 37. Bb7 f4 38. gxf4+ Kxf4 39. Bf3 Ke5 40. Bd1 f5
41. a4 Bc6 42. g3 f4 43. b5 Be4 44. gxf4+ Kxf4 45. Bc2 Bg2 46. Bd3 Ke5 47. Ke1
Kd6 48. Kf2 Bh1 49. Kg3 Kc5 50. a5 Kb4 51. b6 axb6 52. axb6 Kc5 53. Kg4 Kxb6 1/2-1/2

[Event "European Rapid 2011"]
[Site "Warsaw POL"]
[Date "2011.12.18"]
[Round "12"]
[White "Vovk, Yuri"]
[Black "Schmidt, Wlodzimierz"]
[Result "1/2-1/2"]
[WhiteTitle "GM"]
[BlackTitle "GM"]
[WhiteElo "2571"]
[BlackElo "2378"]
[WhiteFideId "14113171"]
[BlackFideId "1100041"]
[EventDate "2011.12.17"]

1. d4 Nf6 2. c4 g6 3. Nc3 d5 4. Bg5 Ne4 5. Bh4 c5 6. cxd5 Nxc3 7. bxc3 Qxd5 8.
e3 cxd4 9. Qxd4 Qxd4 10. cxd4 e6 11. Bd3 Be7 12. Bxe7 Kxe7 13. Be4 Nd7 14. Ne2
Rb8 15. g4 b6 16. g5 h6 17. h4 hxg5 18. hxg5 Rxh1+ 19. Bxh1 Bb7 20. Bxb7 Rxb7
21. f4 Rc7 22. Kd2 b5 23. a4 bxa4 24. Rxa4 Nb6 25. Ra6 Kd7 26. Kd3 Nd5 27. Ra1
Kc8 28. Kd2 Kb7 29. Nc1 Kb6 30. Rb1+ Kc6 31. Nd3 Kd6 32. Rb8 Ke7 33. Ne5 Nb6 34.
Kd3 Nd7 35. Ra8 Nxe5+ 36. fxe5 Rc1 37. Rxa7+ Ke8 38. e4 Rg1 39. d5 Rxg5 40. Kd4
Rg4 41. Kc5 Rxe4 42. Kd6 Kf8 43. Ra8+ Kg7 44. dxe6 fxe6 45. Kxe6 g5 46. Kf5 Re1
47. Ra7+ Kh6 48. e6 g4 49. Kf6 Rf1+ 50. Ke5 Kg5 51. Rg7+ Kh4 52. e7 Kg3 53. Rf7
Re1+ 54. Kf5 Rf1+ 55. Kg5 Re1 56. Rg7 Kf3 57. Rf7+ Kg3 58. Rh7 Kf3 59. Rf7+ Kg3
60. Rg7 Kf3 61. Kh4 Rh1+ 62. Kg5 Re1 63. Rf7+ Kg3 64. Kf6 Kg2 65. Rg7 g3 66. Rg5
Rxe7 67. Kxe7 Kf2 68. Rf5+ Ke2 69. Kf6 g2 70. Rg5 Kf2 71. Kf5 g1=Q 72. Rxg1 Kxg1 1/2-1/2

[Event "European Rapid 2011"]
[Site "Warsaw POL"]
[Date "2011.12.18"]
[Round "12"]
[White "Nyzhnyk, Illya"]
[Black "Lavendelis, Egons"]
[Result "1-0"]
[WhiteTitle "GM"]
[BlackTitle "FM"]
[WhiteElo "2562"]
[BlackElo "2347"]
[WhiteFideId "14118084"]
[BlackFideId "11601647"]
[EventDate "2011.12.17"]

1. d4 Nf6 2. c4 g6 3. Nf3 Bg7 4. g3 O-O 5. Bg2 d5 6. cxd5 Nxd5 7. O-O Nb6 8. Nc3
c6 9. e3 Be6 10. Qc2 Bc4 11. Rd1 N8d7 12. e4 Qc7 13. b3 Ba6 14. Ba3 Rfe8 15.
Rac1 Bh6 16. Rb1 e5 17. dxe5 Nxe5 18. Nxe5 Qxe5 19. f4 Qh5 20. e5 Red8 21. Be7
Rd7 22. Rxd7 Nxd7 23. Rd1 Nf8 24. Ne4 Bg7 25. h3 Qf5 26. Qf2 Qe6 27. Bf6 Nd7 28.
Rd6 Qe8 29. Bxg7 Kxg7 30. e6 fxe6 31. Qd4+ 1-0

[Event "European Rapid 2011"]
[Site "Warsaw POL"]
[Date "2011.12.18"]
[Round "12"]
[White "Shimanov, Aleksandr"]
[Black "Krzyzanowski, Marcin"]
[Result "0-1"]
[WhiteTitle "GM"]
[WhiteElo "2549"]
[BlackElo "2375"]
[WhiteFideId "4198603"]
[BlackFideId "1132199"]
[EventDate "2011.12.17"]

1. d4 Nf6 2. c4 d6 3. Nc3 e5 4. Nf3 e4 5. Ng5 Qe7 6. g3 h6 7. Nh3 Bf5 8. Bg2 g6
9. O-O Bg7 10. f3 exf3 11. exf3 O-O 12. Re1 Qd8 13. Be3 Nc6 14. Qd2 Kh7 15. Nf2
d5 16. c5 b6 17. cxb6 axb6 18. Rac1 Na5 19. b3 Re8 20. Bf4 Rxe1+ 21. Rxe1 c5 22.
Nb5 Qd7 23. Bf1 Ne8 24. Be5 c4 25. Bxg7 Nxg7 26. bxc4 Nxc4 27. Bxc4 dxc4 28. Nc3
Ne6 29. d5 Nc5 30. Qd4 Re8 31. Rxe8 Qxe8 32. Kg2 Qe1 33. d6 Bd3 34. Nxd3 cxd3
35. Qf6 Kg8 36. Qd4 Kh7 37. Qf6 Kg8 38. Qd4 Kh7 39. a4 Qd2+ 40. Kh3 Ne6 41. Ne4
Qe2 42. Qe5 Qf1+ 43. Kh4 g5+ 44. Nxg5+ hxg5+ 45. Kg4 d2 46. Qf5+ Kg8 0-1

[Event "European Rapid 2011"]
[Site "Warsaw POL"]
[Date "2011.12.18"]
[Round "12"]
[White "Gabrielian, Artur"]
[Black "Kantans, Toms"]
[Result "1-0"]
[WhiteTitle "GM"]
[BlackTitle "FM"]
[WhiteElo "2545"]
[BlackElo "2338"]
[WhiteFideId "4131002"]
[BlackFideId "11602945"]
[EventDate "2011.12.17"]

1. g3 g6 2. Bg2 Bg7 3. d3 c5 4. Nf3 Nc6 5. O-O Nf6 6. Nbd2 O-O 7. c3 Rb8 8. e4
e5 9. Nc4 d6 10. a4 b6 11. Bg5 a6 12. Nfd2 h6 13. Bxf6 Bxf6 14. Ne3 Bg7 15. f4
exf4 16. gxf4 b5 17. axb5 axb5 18. f5 Qg5 19. Nd5 gxf5 20. exf5 Bxf5 21. Rxf5
Qxf5 22. Ra6 Qxd3 23. Rxc6 Be5 24. Qc1 Rb7 25. Ne4 Kg7 26. Nxd6 Qg6 27. Ne8+
Rxe8 28. Rxg6+ fxg6 29. Nf6 Bxf6 30. Bxb7 b4 31. cxb4 Bd4+ 32. Kh1 Rb8 33. Bd5
Rxb4 34. Qf4 h5 35. b3 Rb6 36. Qc7+ 1-0